"...Te das hasta donde te aguantes" (In) tolerancia hacia las desigualdades de excedente en Centroamérica /
Partiendo de una crítica al discurso neoliberal sobre la desigualdad y asumiendo un enfoque radical, este texto aborda las desigualdades de excedente enfatizando la (in)tolerancia que generan. Entendiendo al mercado como estructura y campo de poder, analiza las interacciones no sólo entre individuos...
Salvato in:
| Autore principale: | |
|---|---|
| Altri autori: | |
| Natura: | Sconosciuto |
| Lingua: | Spanish |
| Pubblicazione: |
Costa Rica :
FLACSO Costa Rica,
2010
|
| Soggetti: | |
| Accesso online: | www.flacso.or.cr |
| Tags: |
Aggiungi Tag
Nessun Tag, puoi essere il primo ad aggiungerne!!
|
MARC
| LEADER | 00000 a2200000 04500 | ||
|---|---|---|---|
| 001 | 41727 | ||
| 003 | cru CRAI/IIS | ||
| 005 | 20220225143537.0 | ||
| 008 | 050702s2010 cr spa d | ||
| 020 | |a 978-9977-68-209-9 | ||
| 040 | |c cru CRAI/IIS |a Centro de Recursos para el Aprendizaje y la Investigación | ||
| 090 | |a 05.03.05 P438t | ||
| 100 | |a Pérez Sáinz, Juan Pablo, editor | ||
| 245 | |a "...Te das hasta donde te aguantes" |b (In) tolerancia hacia las desigualdades de excedente en Centroamérica / |c Juan Pablo Pérez Saínz; et al. | ||
| 260 | |a Costa Rica : |b FLACSO Costa Rica, |c 2010 | ||
| 300 | |a 252 páginas | ||
| 500 | |a Colección Centroamérica | ||
| 520 | |a Partiendo de una crítica al discurso neoliberal sobre la desigualdad y asumiendo un enfoque radical, este texto aborda las desigualdades de excedente enfatizando la (in)tolerancia que generan. Entendiendo al mercado como estructura y campo de poder, analiza las interacciones no sólo entre individuos sino también entre categorías de pares (de género, etnia, territorio, etc.) y, sobre todo, entre clases sociales. El estudio tiene alcance regional, contemplando tres países (Costa Rica, El Salvador y Guatemala) y combina el análisis cuantitativo con el cualitativo. | ||
| 590 | |a DISEMINAR072011/RRA/AGOSTO2011 | ||
| 650 | |a DESIGUALDAD |0 TESAUROS | ||
| 650 | |a POBREZA |0 TESAUROS | ||
| 650 | |a EL SALVADOR |0 TESAUROS | ||
| 650 | |a GUATEMALA |0 TESAUROS | ||
| 650 | |a COSTA RICA |0 TESAUROS | ||
| 650 | |a IDEOLOGIAS |0 TESAUROS | ||
| 650 | |a NEOLIBERALISMO |0 TESAUROS | ||
| 650 | |a PODER |0 TESAUROS | ||
| 650 | |a MERCADO |0 TESAUROS | ||
| 650 | |a 1ANALISIS COMPARATIVO |0 TESAUROS | ||
| 700 | |a Cordero Ulate, Allen/ Aguirre, Laura/ Arévalo, Marcel/ Quino, Vicente/ Estrada, Federico | ||
| 852 | 1 | 1 | |a 05.03.05 P438t |
| 856 | |u www.flacso.or.cr | ||
| 942 | |2 ddc |c LI |h 05.03.05 P438t |k 05.03.05 |m P438t |6 050305_P438T | ||
| 999 | |c 8966 |d 8966 | ||



